Les prénoms des papas les plus alcooliques - Statistiques

Statistiques générales
  • Ce quiz a été pris 781 fois
  • Le résultat moyen est 3 sur 10
Statistiques - réponses
TOP Papa alcoolique % Correct
10 Jean
72%
2 Patrick
44%
3 Michel
43%
1 Didier
33%
5 Sébastien
33%
9 Jacques
22%
7 Bruno
21%
4 Hervé
20%
6 Cédric
17%
8 Gilles
11%
Aucun quiz correspondant
Distribution des résultats
% des personnes avec chaque résultat
Percentile par nombre de réponses
Votre historique - résultats
Vous n’avez pas pris ce quiz